International Standard Bibliographic Description (ISBD) : preliminary consolidated edition preliminary consolidated edition
ISBN:
978-3-598-24280-9
Descripción Física:
1 v. ; 32 cm
Colección:
IFLA. Series on Bibliographic Control ; 31
MARC
| LEADER | 00000nam a2200000Ia 4500 | ||
|---|---|---|---|
| 001 | 19493 | ||
| 003 | BGR | ||
| 005 | 20260324180050.0 | ||
| 008 | 160829s2007 xx 000 0 cat d | ||
| 020 | |a 978-3-598-24280-9 | ||
| 080 | |a Sala Tècnica | ||
| 245 | |a International Standard Bibliographic Description (ISBD) : |b preliminary consolidated edition | ||
| 260 | |a München : |b K. G. Saur, |c 2007 | ||
| 300 | |a 1 v. ; |c 32 cm | ||
| 490 | |a IFLA. Series on Bibliographic Control ; 31 | ||
| 590 | |a A la portada: Recommended by the ISBD Review Group. Approved by the Standing Committee of the IFLA Cataloguing Section. | ||
| 590 | |a Fulls solts actualitzables. | ||
| 650 | |a Catalogació |x Normes |9 37377 | ||
| 650 | |a Descripció bibliogràfica normalitzada internacional |9 45248 | ||
| 650 | |a Descripció bibliogràfica |x Normes |9 37892 | ||
| 710 | 2 | |a International Federation of Library Associations and Institutions |9 71061 |b ISBD Review Group | |
| 710 | 2 | |a International Federation of Library Associations and Institutions |9 71061 |b Section on Cataloguing. Standing Committee | |
| 901 | |a Arxiu | ||
| 942 | |n 1 |2 udc |c MON | ||
| 952 | |0 0 |1 0 |4 0 |6 SALA_TÈCNICA |7 1 |9 52478 |a Arxiu |b Arxiu |d 2016-12-01 |l 0 |o Sala Tècnica |p 19493 |r 2016-12-01 00:00:00 |w 2016-12-01 |y ARXIU | ||
| 999 | |c 56326 |d 56326 | ||